000 00819nam a22002057a 4500
999 _c19759
_d19759
003 AR-CdUCM
008 190521b ||||| |||| 00| 0 spa d
040 _aMUNICIPALIDAD PROVINCIAL DEL CUSCO
_cBIBLIOTECA MUNICIPAL DEL CUSCO
082 _a985.052 /
_bO61
_2ed.2
100 _aDe Orbegoso, Jose Luis
_941327
245 _aMemorias del gran mariscal Don Luis José de Orbegoso /
260 _aLima :
_bGil,
_c1939.
300 _a164 páginas ;
_c25 cm.
505 _aContenido : Rindiendo justo homenaje al fundador de la beneficencia pública de Lima -- Municipalidad de Trujillo acuerda por unanimidad colocar el salon consistorial el retrato del prócer de la independencia...
650 _aHistoria
_9136
650 _aBiografía
_910983
650 _aHomenajes
_915696
942 _2ddc
_cLIBROS
945 _arcc